| 000 | 00646nam a22001337a 4500 | ||
|---|---|---|---|
| 040 | _cRUA | ||
| 082 | _aAGR CHH 2017 B663 Or.1 | ||
| 100 | _aCHHENG CHHAIYA ឆេង ឆៃយ៉ា | ||
| 245 | _aប្រសិទ្ធភាពល្បាយផ្សេងគ្នាទៅលើការលូតលាស់នៃការកាត់ពង្រីកពូជដំឡូងបារាំង effect of different substras on growth of potato propagtion | ||
| 260 |
_aRUA _bPhnom penh _c2017 |
||
| 300 |
_aix;37p _bill; _c29cm |
||
| 856 | _uhttps://drive.google.com/file/d/1c1Xz6k-v3EVdxix8ud7wYedTeXQBfTjV/view?usp=sharing | ||
| 942 | _cAGR | ||
| 999 |
_c19215 _d19215 |
||